000 00941nam a2200301 a 4500
001 42503
003 BD-RjUL
005 20211209053542.0
008 160613s1951 ohua b 001 0 eng
035 _a(OCoLC)295856
035 _a(OCoLC)ocm00295856
035 _a(BD-RjUL)42621
035 _a(NNC)2512665
040 _dUPvMLC
_aBD-RjUL
_beng
_cBD-RjUL
041 _aeng
082 _a330
_bDOA 1951
090 _aHB171
_b.D66 1962
100 1 _aDodd, James Harvey.
_9130725
245 1 0 _aApplied economics :
_bintroductory principles applied to everyday problems /
_cby James Harvey Dodd
250 _a4th ed.
260 _aCincinnati :
_bSouthwestern Pub. Co.,
_cc1951
300 _aviii, 568 p. :
_bill. ;
_c24 cm.
500 _aFirst ed. published in 1936 under title: Introductory economics.
504 _aIncludes bibliography and index
650 0 _aEconomics.
_9130726
942 _2ddc
_cBK
999 _c42503
_d42503